000 00815nam a2200253 i 4500
001 12927
003 ES-MaACL
005 20230906150435.0
007 t|
008 971014s1996 sp ||||1| spa d
020 _a84-206-2864-6
080 _a316.356.2(460)"19"
100 1 _aReher, David-Sven.
_995945
245 1 3 _aLa familia en España, pasado y presente /
_cDavid S. Reher ; versión española de Eva Rodríguez Halfter.
260 _aMadrid :
_bAlianza Editorial,
_c[1996]
300 _a470 p. ;
_c20 cm.
490 1 _aAlianza universidad ;
_v864
504 _aBibliografía : p. 441-470.
650 4 _aFamilias-
_zEspaña-
_vHistoria.
_9172430
700 1 _aRodríguez Halffter, Eva.
_998569
830 1 _aAlianza universidad ;
_v864
_9177276
852 _aES-MaACL
_jL-20328
999 _c12927
_d12927